Pháp lệnh thi hành án dân sự và các văn bản hướng dẫn thực hiện

Na minha lista:
Detalhes bibliográficos
Formato: Livro
Idioma:Undetermined
Publicado em: Hà Nội Chính trị quốc gia 2005
Assuntos:
Tags: Adicionar Tag
Sem tags, seja o primeiro a adicionar uma tag!
Thư viện lưu trữ: Trung tâm Học liệu Trường Đại học Cần Thơ
LEADER 00584nam a2200181Ia 4500
001 CTU_73833
008 210402s9999 xx 000 0 und d
020 |b 16000 
082 |a 347.597077 
082 |b Ph109 
245 0 |a Pháp lệnh thi hành án dân sự và các văn bản hướng dẫn thực hiện 
260 |a Hà Nội 
260 |b Chính trị quốc gia 
260 |c 2005 
650 |a Civil law ( vietnamese law ),Civil procedure 
650 |z Vietnam 
904 |i Năm, Qhieu 
980 |a Trung tâm Học liệu Trường Đại học Cần Thơ